| 000 | 00831nam a2200229Ia 4500 | ||
|---|---|---|---|
| 003 | GCL | ||
| 008 | 140319s9999 xx 000 0 ara d | ||
| 020 | _a9229574512 | ||
| 040 |
_aGCL / _cGCL |
||
| 082 | 0 | 4 |
_a251.2 _bش ك |
| 100 | 1 | _aالشعرانى , ابوالمواهب عبدالو | |
| 245 | 1 | 0 |
_aكشف الغمة عن جميع الامة / _cالشعرانى , ابوالمواهب عبدالو |
| 250 | _aالاولى | ||
| 260 |
_aبيروت : _bدار الكتب العلمية ، _c1998 |
||
| 300 |
_a349 ص ؛ _c24 سم |
||
| 650 | 0 | 4 | _aالاحكام الشرعية |
| 650 | 0 | 4 | _aالفقه الاسلامى - علم |
| 650 | 0 | 4 | _aالقواعد الفقهية |
| 650 | 0 | 4 | _aالاجتهاد (فقة اسلامى) |
| 650 | 0 | 4 | _aالشعرانى ، ابو المواهب عبدالوهاب |
| 942 |
_2ddc _cBK |
||
| 999 |
_c5969 _d5969 |
||